000 00344pam a2200133 a 4500
020 _c
041 _h
082 _a658.152
_bSOL/PRI
100 _aSOLOMON E.,PRINGLE J.J.,
245 _aINTRODUCTION TO FINANCIAL MANAGEMENT
_hTextual Documents
260 _aNEW DELHI
_bPRENTICE HALL OF INDIA PVT LTD
_c1977
300 _aX+614
930 _a7145
999 _c126608
_d126608